|
|
|
|
| LEADER |
00000nab a2200000 ar4500 |
| 001 |
vtls010085733 |
| 003 |
SK-MaSNL |
| 005 |
20260426084008.0 |
| 008 |
100416c2009 xo |||||||||||000 b|eng |
| 015 |
|
|
|a SNBRB2010/04
|2 snkbucl
|
| 038 |
|
|
|a SNKBUCL
|
| 040 |
|
|
|a SNKBUCL
|b slo
|c SNKBUCL
|e AACR2
|
| 041 |
0 |
|
|a eng
|b eng
|
| 044 |
|
|
|a xo
|c SK
|
| 080 |
|
|
|a 37.0:316.422
|2 2001
|
| 080 |
|
|
|a 377
|2 2001
|
| 080 |
|
|
|a 316.42:004
|2 2001
|
| 080 |
|
|
|a 316.422
|2 2001
|
| 100 |
1 |
|
|a Turek, I.
|4 aut
|9 787212
|
| 245 |
1 |
0 |
|a Globalisation and its impacts on education
|c I. Turek, R. Dubovská
|
| 504 |
|
|
|a Bibliogr. odkazy
|
| 546 |
|
|
|a Res. angl.
|
| 650 |
0 |
7 |
|a vzdelávanie
|2 SNKPH
|9 4033
|
| 650 |
0 |
7 |
|a odborné vzdelávanie
|2 SNKPH
|9 4335
|
| 650 |
0 |
7 |
|a informačná spoločnosť
|2 SNKPH
|9 1237
|
| 650 |
0 |
7 |
|a globalizácia
|2 SNKPH
|9 3615
|
| 655 |
|
7 |
|a štúdie
|2 SNKPH
|9 57033
|
| 700 |
1 |
|
|a Dubovská, Rozmarín,
|d 1944-
|4 aut
|9 7016
|
| 773 |
0 |
|
|t University review
|g Vol. 3, no. 2 (2009), s. 13-18
|x 1337-6047
|
| 852 |
|
|
|a SNK
|b KIS3GCP
|
| 958 |
|
|
|a NB
|
| 999 |
|
|
|c 2918238
|d 2920168
|